| 000 | 01523nam a22003017a 4500 | ||
|---|---|---|---|
| 001 | 7740 | ||
| 003 | FISKH | ||
| 005 | 20250801151835.0 | ||
| 008 | 250801b cb ||||| |||| 00| 0 eng d | ||
| 020 | _a9781338065008 | ||
| 040 |
_aFISKH _beng _cFISKH _dFISKH |
||
| 050 | _aQB460.T97 V46 | ||
| 082 | _a523.01092 | ||
| 100 | _aVentura , Marne | ||
| 245 |
_aAstrophysicist and space advocate Neil Degrasse Tyson / _cBy Marne Ventura |
||
| 260 |
_aNew York : _bScholastic , _c2014. |
||
| 300 |
_a32 pages : _bcolor illustrations ; _c23 cm . |
||
| 490 | _aSTEM trailblazer BIOS | ||
| 505 | _aR | ||
| 520 | _aHave you ever stared into the night sky, full of stars and planets? As a kid, Neil deGrasse Tyson was star-struck when he first visited a planetarium. The universe was calling him. Tyson pursued his interest in astronomy and studied to be an astrophysicist. In 1996, he became the director of New York's Hayden Planetarium. He is passionate about teaching people about the universe. Known for making science fun and easy to understand, he has hosted and appeared on TV shows such as Nova ScienceNow and The Daily Show with Jon Stewart. He even has more than one million Twitter followers! But how did he get there? Follow his path from fascinated kid to popular space expert. | ||
| 521 | 8 |
_a780
_bLexile |
|
| 521 | 8 |
_aR
_bRaz-Plus |
|
| 650 |
_aScientists _vNon-fiction |
||
| 650 |
_aSolar system _vNon-fiction |
||
| 650 |
_aAstronomy _vNon-fiction |
||
| 942 |
_2ddc _cBK _n0 |
||
| 999 |
_c7740 _d7740 |
||